000 00445nam a2200181Ia 4500
001 23063
005 20260414150912.0
008 260414t2006||||xx |||||||||||||| ||spa||
041 _aESP
082 _a624.1821
_bV71
100 _aVinnakota, Sriramulu
_eAUT
245 0 _aEstructuras de acero :
_bcomportamiento y LRFD
260 _c2006
300 _axxv, 904 páginas :
_c\N
650 _a0
654 _aCIC
942 _cLIB
_dJUS
_fJUS
_2ddc
_n
999 _c23063
_d23063